00514nam a2200157Ia 450000500170000000800410001704100080005808200160006610000320008224500230011426000380013730000090017565000220018499900190020695201310022520250729165739.0250729s2014 xx 000 0 und d aeng a372.25 MOHS aMohamed Sharif Khan9232021 aSchool Evaluvation aNew DelhibA P H PUBLISHINGc2014 a108p aEducation9232022 c239574d239574 00104070aALbALd2025-07-29eManagement Bookg100.00l0o372.25 MOHSpBED04893r2025-07-29 16:57:39v100.00w2025-07-29yBK